Mission: Impossible Movies - Statistics

General Stats
  • This quiz has been taken 146 times
    44 since last reset
  • The average score is 7 of 8
Answer Stats
Year Movie % Correct
1996 Mission: Impossible
97%
2000 Mission: Impossible 2
95%
2006 Mission: Impossible III
95%
2025 Mission: Impossible - The Final Reckoning
95%
2011 Mission: Impossible - Ghost Protocol
92%
2015 Mission: Impossible - Rogue Nation
92%
2023 Mission: Impossible - Dead Reckoning Part One
89%
2018 Mission: Impossible - Fallout
89%
No matching quizzes found
Score Distribution
Percent of People with Each Score
Percentile by Number Answered
Your Score History
You have not taken this quiz since the last reset